Every city in São Tomé and Príncipe - Statistics

General Stats
  • This quiz has been taken 18 times
  • The average score is 4 of 47
Answer Stats
City Population % Correct
S São Tomé 66,888
100%
S Santo António 2,576
38%
G Guadalupe 3,326
31%
N Neves 8,391
25%
B Bela Vista 517
19%
D Diogo Vaz 632
19%
S Santa Catarina 1,862
19%
S Santana 7,445
19%
B Bombom 3,072
13%
M Micóló 1,404
13%
M Micondo 872
13%
M Monte Café 684
13%
S Santo Amaro 1,063
13%
B Batepá 775
6%
B Belém 795
6%
B Boa Entrada 738
6%
C Caixão Grande 1,762
6%
C Conde 1,800
6%
M Madalena 221
6%
T Trindade 6,685
6%
A Agostinho Neto 992
0%
A Água Izé 1,255
0%
A Almas 3,923
0%
C Capela 649
0%
C Changra 1,044
0%
C Cola Grande 1,458
0%
C Cova Barro 875
0%
D Desejada 560
0%
D Diogo Simão 600
0%
F Folha Fede 831
0%
L Lemos 1,136
0%
M Maianço 639
0%
M Malanza 550
0%
M Margarida Manuel 661
0%
M Monta Alegre 779
0%
O Obo Izaquente 678
0%
O Obolongo 712
0%
O Ototó 585
0%
P Pantufo 3,391
0%
P Pété-Pété 517
0%
P Ponta Figo 615
0%
P Porto Alegre 795
0%
P Praia Morro Peixe 584
0%
R Ribeira Afonso 1,971
0%
R Ribeira Peixe 503
0%
S São João dos Angolares 2,249
0%
T Torres Dias 499
0%
No matching quizzes found
Score Distribution
Percent of People with Each Score
Percentile by Number Answered
Your Score History
You have not taken this quiz